Regulácia sieťových odvetví v podmienkach SR diplomová práca

Na minha lista:
Detalhes bibliográficos
Autor principal: Leginusová, Mária
Autor Corporativo: Fakulta podnikového manažmentu EU. Katedra podnikovohospodárska
Outros Autores: Kintler, Jakub, 1979-
Formato: Livro
Idioma:eslovaco
Publicado em: Bratislava 2009
Tags: Adicionar Tag
Sem tags, seja o primeiro a adicionar uma tag!

MARC

LEADER 00000nam$a2200000$$$4500
001 0101475
005 20240319130308.3
041 0 |a slo 
044 |a SK 
245 1 0 |a Regulácia sieťových odvetví v podmienkach SR  |b diplomová práca  |c Mária Leginusová ; škol. Jakub Kintler 
264 1 |a Bratislava  |c 2009 
300 |a 66 s. 
100 1 |a Leginusová, Mária 
700 1 |a Kintler, Jakub, 1979- 
710 2 |a Fakulta podnikového manažmentu EU. Katedra podnikovohospodárska